Statystyki dla Mieszanka Nazw Państ Światat #1

Kliknij tutaj aby rozwiązać quiz!

Ogólne statystyki

  • Ten quiz został rozwiązany 10 razy
  • Średni wynik to 27 z 30

Statystyki odpowiedzi

MieszankaOdpowiedż% Poprawnych
alabianAlbania
100%
rgentayanArgentyna
100%
astiruaAustria
100%
ncyhiChiny
100%
niadaDania
100%
igeptEgipt
100%
lifpinyiFilipiny
100%
nlafinidaFinlandia
100%
rafnjacFrancja
100%
arliandiIrlandia
100%
ziarelIzrael
100%
ponaiajJaponia
100%
aknadaKanada
100%
kemsykMeksyk
100%
inamogolMongolia
100%
zaimobmkMozambik
100%
miecynNiemcy
100%
naampaPanama
100%
lopaskPolska
100%
srojaRosja
100%
licheChile
86%
npisazhiaHiszpania
86%
azakaschtnKazachstan
86%
bkuaKuba
86%
hbatunBhutan
71%
ropautagilPortugalia
71%
alwiekrbtnayaiWielka Brytania
71%
raewonigNorwegia
57%
czoozstynajdeneonStany Zjednoczone
57%
karuaniUkraina
43%

Rozkład punktacji

Percentyl według liczby udzielonych odpowiedzi

Procent ludzi z każdym wynikiem

Twoja historia wyników

Nie rozwiązałeś tego quizu